[Event "2. Online Aktivschach WM"]
[Site "Chessgate / Gruppe A"]
[Date "2005.12.22"]
[Round "1.1"]
[White "RISC 2500, Saitek"]
[Black "R30 V2.2, TASC."]
[Result "1/2-1/2"]
[WhiteElo "2249"]
[BlackElo "2405"]
[PlyCount "180"]
[EventDate "2005.??.??"]

1. d4 Nf6 2. c4 e6 3. Nf3 b6 4. g3 Ba6 5. b3 Bb4+ 6. Bd2 Be7 7. Bg2 d5 8. Ne5
c5 9. Be3 cxd4 10. Bxd4 Ne4 11. Nc3 f6 12. Nxe4 fxe5 13. Bb2 Bb7 14. Nc3 e4 15.
O-O O-O 16. cxd5 exd5 17. Qd2 Na6 18. Rad1 Bf6 19. f4 Qe7 20. e3 Nc7 21. Ne2
Bxb2 22. Qxb2 Ne6 23. Nc3 Rad8 24. b4 Nc7 25. b5 Ne6 26. Qb3 Nc5 27. Qa3 a6 28.
Rd4 axb5 29. Rfd1 Qf7 30. Qb2 Qe6 31. Nxe4 Rc8 32. Nf2 Qxe3 33. Bxd5+ Bxd5 34.
Rxd5 Ne4 35. Rxb5 Nxf2 36. Qxf2 Qxf2+ 37. Kxf2 Rfd8 38. Rh1 Rc2+ 39. Kf3 Rxa2
40. Rxb6 Rdd2 41. h4 Ra3+ 42. Kg4 h5+ 43. Kh3 Rf2 44. Rb5 g6 45. Rb4 Re3 46.
Ra1 Ree2 47. Rb8+ Kg7 48. Ra7+ Kf6 49. Rb6+ Re6 50. Rbb7 Kf5 51. Rf7+ Ke4 52.
Ra4+ Kd5 53. Ra5+ Kd4 54. Rd7+ Kc4 55. Rc7+ Kd4 56. Ra8 Ke4 57. Rd8 Kf5 58.
Rc5+ Kf6 59. Rd7 Rb2 60. Rcc7 Ra6 61. Rf7+ Ke6 62. Rfe7+ Kf6 63. Rb7 Rxb7 64.
Rxb7 Ra2 65. Rb5 Re2 66. Rd5 Ra2 67. Rg5 Rf2 68. Re5 Kf7 69. Re1 Kf6 70. Re3
Kf7 71. Re5 Kg7 72. Re6 Kf7 73. Rd6 Kg7 74. Rc6 Kf7 75. Rb6 Kg7 76. Rd6 Re2 77.
Rc6 Rf2 78. Rb6 Kf7 79. Ra6 Kg7 80. Ra5 Kf7 81. Rc5 Ke6 82. Rb5 Kf7 83. Ra5 Ke6
84. Rc5 Kf7 85. Rc8 Ke7 86. Rc4 Kf7 87. Rb4 Ke6 88. Re4+ Kf7 89. Re3 Kf6 90.
Re8 Kg7 1/2-1/2

[Event "2. Online Aktivschach WM"]
[Site "Gruppe A / Chessgate"]
[Date "2005.12.27"]
[Round "1.2"]
[White "Modena, Mephisto"]
[Black "Monte Carlo IV LE, Mephisto"]
[Result "1/2-1/2"]
[WhiteElo "1983"]
[BlackElo "2020"]
[PlyCount "100"]

1. c4 c5 2. Nf3 Nc6 3. d4 cxd4 4. Nxd4 Nf6 5. Nc3 e6 6. Ndb5 d6 7. Bf4 e5 8.
Bg5 a6 9. Bxf6 gxf6 10. Na3 Be6 11. e3 f5 12. Be2 Bg7 13. O-O Rc8 14. Qd2 Qb6
15. Nd5 Bxd5 16. cxd5 Qb4 17. Qxb4 Nxb4 18. Nc4 Ke7 19. a4 Nxd5 20. Rfd1 Ke6
21. Rd2 b5 22. Na3 Nb6 23. axb5 a5 24. Nc2 a4 25. Nb4 d5 26. Rad1 Rhd8 27. Nc6
Rd7 28. Bf3 Bf6 29. h3 h6 30. Be2 Bg7 31. g3 Rcc7 32. Bf3 Rd6 33. Kg2 Rcd7 34.
Be2 f6 35. Bd3 Rf7 36. Rc2 Rdd7 37. Rdc1 Bf8 38. Be2 Bd6 39. Rc3 Rg7 40. Bd3
Rg8 41. Kh2 Rdg7 42. R3c2 Re8 43. Kg2 Ra8 44. Rc3 Rag8 45. R1c2 Re8 46. Kh2 Rf8
47. Kh1 Rgg8 48. Kg2 Rc8 49. Rc1 Rh8 50. Kg1 Rhf8 1/2-1/2

[Event "2. Online Aktivschach WM"]
[Site "Gruppe A / Chessgate"]
[Date "2006.01.08"]
[Round "1.3"]
[White "Sapphire, Novag"]
[Black "Super Forte C 7 Mhz, Novag"]
[Result "1/2-1/2"]
[WhiteElo "2176"]
[BlackElo "2019"]
[PlyCount "133"]
[EventDate "2006.??.??"]

1. e4 c6 2. d4 d5 3. exd5 cxd5 4. c4 Nf6 5. Nc3 e6 6. Nf3 Be7 7. cxd5 Nxd5 8.
Bd3 Nc6 9. O-O O-O 10. Re1 Bf6 11. a3 Qb6 12. Qc2 Nxd4 13. Nxd4 Bxd4 14. Bxh7+
Kh8 15. Be4 Rd8 16. Bxd5 exd5 17. Nxd5 Bxf2+ 18. Qxf2 Qxf2+ 19. Kxf2 Rxd5 20.
Re8+ Kh7 21. Bf4 Rc5 22. Rc1 Rxc1 23. Bxc1 Kg6 24. Bf4 b6 25. Rd8 f6 26. g3 Bb7
27. Bb8 Kf5 28. Ke3 Ke6 29. Re8+ Kf7 30. Rh8 Ke6 31. Kd4 Bf3 32. h4 a5 33. Rd8
b5 34. Kc5 Be2 35. Re8+ Kf5 36. b3 Bd1 37. b4 axb4 38. axb4 g6 39. Rd8 Be2 40.
Rd5+ Ke4 41. Rd4+ Kf3 42. Rd8 f5 43. Rc8 Bf1 44. Kd4 Bc4 45. Re8 Ra3 46. Bf4
Rb3 47. Ke5 Rxb4 48. Kf6 Ra4 49. Kxg6 Kg4 50. Rd8 Ra6+ 51. Kg7 Ra7+ 52. Kf6
Ra6+ 53. Ke5 Re6+ 54. Kd4 Re4+ 55. Kc5 Rxf4 56. gxf4 Kxf4 57. Kd4 Be2 58. Rh8
Bd1 59. h5 Kg5 60. h6 Kg6 61. Kd3 f4 62. Rf8 f3 63. Rh8 b4 64. Kd2 Be2 65. Ke3
b3 66. h7 Kh6 67. Kf2 1/2-1/2

[Event "2. Online Aktivschach WM"]
[Site "Gruppe A / Chessgate"]
[Date "2006.01.12"]
[Round "1.4"]
[White "Resurrection Deep Sjeng, Phoenix Chess"]
[Black "Milano Pro, Mephisto"]
[Result "0-1"]
[WhiteElo "2250"]
[BlackElo "2124"]
[PlyCount "104"]

1. e4 c6 2. d4 d5 3. exd5 cxd5 4. c4 Nf6 5. Nc3 e6 6. Nf3 Be7 7. cxd5 Nxd5 8.
Bd3 Nc6 9. O-O O-O 10. Re1 Bf6 11. Be4 Nce7 12. Qd3 g6 13. Bh6 Re8 14. Rac1 Bh8
15. Ne5 Nf5 16. Bxf5 exf5 17. Qb5 Nxc3 18. bxc3 a6 19. Qb4 Bxe5 20. dxe5 a5 21.
Qf4 b5 22. Red1 Qe7 23. Rd5 Be6 24. Rxb5 Bxa2 25. Bg5 Qd7 26. Bf6 Red8 27. g3
Qe8 28. Rb2 Bd5 29. Rd2 Be4 30. Rxd8 Rxd8 31. f3 Bc6 32. Bxd8 Qxd8 33. Qd4 Qa8
34. f4 a4 35. Ra1 a3 36. Ra2 Qb8 37. Qd1 Qb6+ 38. Kf1 Bb5+ 39. Kg2 Bc4 40. Rd2
a2 41. Qa1 Qe3 42. Rd8+ Kg7 43. e6 fxe6 44. Kh3 Qf3 45. Rd1 Kh6 46. Qc1 Kh5 47.
Qa1 h6 48. Qc1 g5 49. fxg5 hxg5 50. Qxg5+ Kxg5 51. Rc1 Qf1+ 52. Rxf1 Bxf1# 0-1

[Event "2. Online Aktivschach WM"]
[Site "Gruppe A / Chessgate"]
[Date "2006.01.13"]
[Round "2.1"]
[White "R30 V2.2, TASC."]
[Black "Resurrection Deep Sjeng, Phoenix Chess"]
[Result "1-0"]
[WhiteElo "2405"]
[BlackElo "2250"]
[PlyCount "141"]
[EventDate "2006.??.??"]

1. d4 Nf6 2. c4 e6 3. Nf3 d5 4. Bg5 h6 5. Bxf6 Qxf6 6. Qb3 dxc4 7. Qxc4 Nc6 8.
e3 Bd7 9. Bd3 Na5 10. Qc2 Nc6 11. a3 e5 12. d5 Nd8 13. Nc3 Bd6 14. O-O Rc8 15.
Rac1 O-O 16. Rfd1 Bg4 17. Be4 Bd7 18. b4 g6 19. Bd3 Qe7 20. Qb3 Bg4 21. Be2 e4
22. Nd4 Bxe2 23. Ncxe2 a5 24. Nb5 axb4 25. Nxd6 Qxd6 26. axb4 Re8 27. Nc3 Qd7
28. d6 Re5 29. Na4 Ne6 30. dxc7 Qe8 31. Nb6 Rxc7 32. Nd5 Rxc1 33. Nf6+ Kf8 34.
Nxe8 Rxd1+ 35. Qxd1 Kxe8 36. Qd6 Rb5 37. Kf1 h5 38. f3 exf3 39. e4 fxg2+ 40.
Kxg2 Nf8 41. e5 g5 42. Kg1 Nd7 43. e6 Ne5 44. Kg2 h4 45. h3 f6 46. Kf1 f5 47.
Qc7 g4 48. Kg2 g3 49. Qh7 Rxb4 50. Qh8+ Ke7 51. Qxe5 Re4 52. Qd5 Rxe6 53. Qxb7+
Kf6 54. Qf3 Kg5 55. Qd3 Re8 56. Kf3 Re4 57. Qd6 g2 58. Kxg2 Re2+ 59. Kf3 Re4
60. Qd8+ Kg6 61. Qf8 Kg5 62. Qg7+ Kh5 63. Qf6 Rf4+ 64. Kg2 Ra4 65. Qxf5+ Kh6
66. Qe6+ Kg5 67. Qe7+ Kh6 68. Qd6+ Kg5 69. Qd8+ Kh6 70. Qd2+ Kg6 71. Qc2+ 1-0

[Event "2. Online Aktivschach WM"]
[Site "Gruppe A / Chessgate"]
[Date "2006.01.14"]
[Round "2.2"]
[White "Monte Carlo IV LE, Mephisto"]
[Black "Super Forte C 7 Mhz, Novag"]
[Result "1/2-1/2"]
[WhiteElo "2020"]
[BlackElo "2019"]
[PlyCount "118"]

1. c4 e5 2. Nc3 Nc6 3. Nf3 Nf6 4. g3 Bb4 5. Bg2 O-O 6. O-O e4 7. Ne1 Bxc3 8.
dxc3 h6 9. Nc2 Re8 10. Nb4 $5 {Erster berechneter Zug.} (10. Ne3 {
ist Theorie, z. B.} d6 11. Qc2 a5 $11) 10... d6 $5 {Erster berechneter Zug.} (
10... Nxb4 11. cxb4 d5 12. cxd5 Nxd5 {mit Ausgleich.}) 11. Nxc6 bxc6 12. Bf4
Rb8 13. b4 Qe7 14. Qa4 Be6 15. Qxc6 {
Die Dame begibt sich ins feindliche Lager...} Rb6 16. Qa4 Bxc4 17. Qxa7 Bxe2
18. Rfe1 Ra6 19. Qd4 c5 {gut gespielt vom Novag-Rechner} 20. bxc5 dxc5 21. Qd2
Bc4 (21... Bd3 {ist eventuell besser.}) 22. a4 $5 (22. f3 {muß folgen, z. B.}
g5 23. Be3 Re6 24. Bh3 Re5 25. f4 $11) 22... Rd8 23. Qb2 Ra7 $6 {
Die Idee bleibt unklar.} 24. a5 Rda8 25. Ra4 $6 Rb7 $6 {
Der Novag-Rechner sieht den Bg2 irgendwie nicht.} (25... Bd3 $1 26. Qa2 Bb5 27.
Ra3 Qd8 28. c4 Bc6) 26. Qa1 Qe6 27. Qa3 Bb3 $2 {Ein Schnitzer!} ({Nach} 27...
Bb5 $1 {scheitert} 28. Raxe4 $2 Nxe4 29. Rxe4 Qd7 30. Re1 Bc6 $1 $17) 28. Bxe4
$2 {Und noch einer!} (28. Raxe4 $1 Nxe4 29. Rxe4 Qc8 30. Re1 Be6 31. Bxb7 Qxb7
$11) 28... Bxa4 $1 29. Bh7+ {Das reicht nicht, aber wenn sich zwei Computer
gegenüberstehen wirds allemal spannend bei ungleicher Materialverteilung.} Kxh7
30. Rxe6 Rb1+ $1 ({Natürlich nicht} 30... fxe6 $2 31. Qxa4 $1 $18) 31. Kg2 Rxa5
32. Rxf6 $1 {Noch das Beste.} Bc6+ {
Jetzt bekommt Schwarz die Dame mit Zinsen zurück. Aber reicht es zum Sieg?} 33.
Rxc6 Rxa3 34. Rxc5 g5 35. Be5 Ra6 36. c4 $5 {Der Bauer bleibt besser noch auf
c3, wo er durch den schwarzfeldrigen Läufer gedeckt werden kann.} f6 37. Bc3
Kg6 38. h4 Rc1 $1 {Weiß ist jetzt in arger Not.} 39. Ba5 $6 gxh4 $2 {
Schade, der Novag-Rechner verschenkt den Sieg.} (39... Rd6 $1 40. hxg5 (40. f4
g4 41. h5+ Kf7 42. Kf2 Rd3 $19) 40... hxg5 41. f4 gxf4 42. gxf4 Rd3 $1 {
Der Gewinnzug!} 43. f5+ Kh5 44. Rc6 Rc2+ 45. Kf1 Rd1+ 46. Be1 Kg5) 40. gxh4 Rc2
$6 (40... h5 {muß kommen.}) 41. h5+ $1 Kf7 42. Bc7 $2 {
Gibt dem Super Forte noch ein Chance...} Ke6 $2 {
... die der aber wieder verstreichen läßt.} ({Logisch ist} 42... Ra4 43. Bf4
Raxc4 44. Rxc4 Rxc4 45. Bxh6 Rh4 46. Kf3 Rxh5 {mit guten Gewinnchancen.}) 43.
Bf4 $1 {Der Zug zum Remis!} Ra4 {Zu spät, denn jetzt behält Weiß den h-Bauern.}
44. Bxh6 Raxc4 45. Rxc4 Rxc4 46. Kg3 Kf5 47. Be3 Rg4+ 48. Kh3 Rg1 49. Kh2 Rg8
50. Kh3 Ra8 51. Kg3 Rh8 52. Kh4 Rh7 53. h6 Rd7 54. Kg3 Ke4 55. Kg4 Rd1 56. Bf4
Rh1 57. f3+ Kd3 58. Kf5 Ke2 59. Kxf6 Kxf3 1/2-1/2

[Event "2. Online Aktivschach WM"]
[Site "Gruppe A / Chessgate"]
[Date "2006.01.15"]
[Round "2.3"]
[White "Modena, Mephisto"]
[Black "RISC 2500, Saitek"]
[Result "0-1"]
[WhiteElo "1983"]
[BlackElo "2249"]
[PlyCount "54"]

1. d4 d5 2. c4 dxc4 3. Nf3 Nf6 4. e3 e6 5. Bxc4 c5 6. O-O a6 7. Qe2 b5 8. Bb3
Bb7 9. Rd1 Nbd7 10. Nc3 Qb8 11. d5 c4 12. dxe6 fxe6 13. Bc2 Bd6 14. e4 O-O 15.
Bg5 Ne5 16. Nd4 b4 17. Na4 Nd3 18. Bxf6 Bxh2+ 19. Kh1 Rxf6 20. Bxd3 cxd3 21.
Qxd3 Rxf2 22. Nb6 Qf4 23. Qh3 Qxe4 24. Nxa8 Qxg2+ 25. Qxg2 Rxg2 26. Nf3 Bxf3
27. Rd3 Bc6 0-1

[Event "2. Online Aktivschach WM"]
[Site "Gruppe A / Chessgate"]
[Date "2006.01.15"]
[Round "2.4"]
[White "Milano Pro, Mephisto"]
[Black "Sapphire, Novag"]
[Result "0-1"]
[WhiteElo "2124"]
[BlackElo "2176"]
[PlyCount "98"]

1. e4 c5 2. Nf3 d6 3. d4 cxd4 4. Nxd4 Nf6 5. Nc3 a6 6. Bg5 e6 7. f4 Be7 8. Qf3
Qc7 9. O-O-O Nbd7 10. Bd3 h6 11. Bh4 g5 12. fxg5 Ne5 13. Qg3 Rg8 14. Qe1 hxg5
15. Bf2 b5 16. Rf1 b4 17. Nb1 Bb7 18. Qxb4 Nxd3+ 19. Rxd3 Bxe4 20. Rg3 e5 21.
Qa4+ Kf8 22. Ne2 Rc8 23. Na3 d5 24. Qxa6 d4 25. c3 Ra8 26. Qc4 Qb8 27. Qb3 Qxb3
28. axb3 Nh5 29. Rg4 Bf5 30. Rxd4 exd4 31. Bxd4 Bd3 32. Kd2 Bxe2 33. Kxe2 Bd6
34. Kd1 Nf4 35. g3 Ne6 36. Nc4 Ra1+ 37. Ke2 Nxd4+ 38. cxd4 Rxf1 39. Kxf1 Ke7
40. Kf2 Rh8 41. Kg2 Ke6 42. Nd2 Kd5 43. Nf3 g4 44. Ng5 Rf8 45. Nh7 Rb8 46. Nf6+
Kxd4 47. Nxg4 Rxb3 48. Nh6 Rxb2+ 49. Kf3 Rxh2 0-1

[Event "2. Online Aktivschach WM"]
[Site "Gruppe A / Chessgate"]
[Date "2006.01.20"]
[Round "3.1"]
[White "Sapphire, Novag"]
[Black "R30 V2.2, TASC."]
[Result "0-1"]
[WhiteElo "2176"]
[BlackElo "2405"]
[PlyCount "58"]
[EventDate "2006.??.??"]

1. d4 Nf6 2. c4 e6 3. Nf3 b6 4. a3 Bb7 5. Nc3 d5 6. cxd5 Nxd5 7. Qc2 Nxc3 8.
bxc3 Be7 9. e4 Nd7 10. Bf4 c5 11. Bb5 a6 12. Bxd7+ Qxd7 13. Ne5 Qc8 14. O-O
cxd4 15. Qa4+ b5 16. Qxd4 f6 17. Nd3 e5 18. Bxe5 fxe5 19. Qxe5 Qc4 20. Rfd1
Qxe4 21. Qxg7 O-O-O 22. Qg3 Rhg8 23. Qh3+ Kb8 24. Ne1 Bxa3 25. Rab1 Bc5 26.
Rxd8+ Rxd8 27. Ra1 Rd2 28. Qg3+ Ka7 29. Nf3 Bxf2+ 0-1

[Event "2. Online Aktivschach WM"]
[Site "Gruppe A / Chessgate"]
[Date "2006.01.21"]
[Round "3.2"]
[White "RISC 2500, Saitek"]
[Black "Monte Carlo IV LE, Mephisto"]
[Result "1-0"]
[WhiteElo "2249"]
[BlackElo "2020"]
[PlyCount "137"]

1. b3 d5 2. Nf3 c5 3. e3 Bg4 4. Bb5+ Nc6 5. Bxc6+ bxc6 6. Bb2 Nf6 7. d3 e6 8.
Nbd2 Bd6 9. h3 Bh5 10. g4 Bg6 11. g5 Nh5 12. Rg1 O-O 13. Ne5 Qa5 14. Qg4 Rac8
15. Nxg6 hxg6 16. Ke2 Bh2 17. Rgc1 Bc7 18. Nf3 Rfd8 19. Rd1 Rb8 20. Ne5 Rd6 21.
a3 Qb6 22. Qa4 a6 23. Rac1 Rbd8 24. h4 Qb5 25. Qg4 Ba5 26. Qf3 Qb7 27. d4 Bb6
28. c4 dxc4 29. Nxc4 R6d7 30. Nxb6 Qxb6 31. Rd3 e5 32. Rxc5 Qxc5 33. dxc5 Rxd3
34. Bxe5 R8d5 35. Qg4 Rxb3 36. Qc8+ Kh7 37. Bd6 Rxa3 38. Qxc6 Ra2+ 39. Kf1 Rd1+
40. Kg2 Rdd2 41. Qf3 f5 42. Kf1 Ra1+ 43. Kg2 Raa2 44. Be5 Rdc2 45. c6 Ra4 46.
c7 Rg4+ 47. Kh3 Re4 48. Bd6 Rcc4 49. Kg2 a5 50. Qh3 a4 51. Qh1 Re6 52. Qd1 Ree4
53. Qd5 a3 54. Bc5 Rxc5 55. Qxc5 a2 56. Qc1 Ra4 57. c8=Q a1=Q 58. Qxa1 Rxa1 59.
Qc2 Ra6 60. Qc4 Ra5 61. f3 Ra3 62. Kf2 Ra1 63. e4 Ra5 64. Qc2 Rb5 65. Ke3 Ng3
66. Qc3 Rb6 67. Qe5 Nh5 68. exf5 Ra6 69. fxg6+ 1-0

[Event "2. Online Aktivschach WM"]
[Site "Gruppe A / Chessgate"]
[Date "2006.01.22"]
[Round "3.3"]
[White "Super Forte C 7 Mhz, Novag"]
[Black "Milano Pro, Mephisto"]
[Result "1-0"]
[WhiteElo "2019"]
[BlackElo "2124"]
[Annotator "Ottow,Stefan"]
[PlyCount "175"]

1. d4 c5 2. d5 e6 3. e4 exd5 4. exd5 d6 {Können Schachcomputer Benoni spielen?}
5. Nf3 Nf6 {Erster berechneter Zug.} 6. Nc3 Nbd7 7. Be2 {
Erster berechneter Zug.} Be7 8. Qd3 O-O 9. O-O Re8 10. Re1 b6 11. Bg5 Bb7 12.
Bf1 b5 13. Qxb5 Bxd5 14. Rxe7 $5 {Eine typische Kittinger-PSH-Keule!} ({
Besser ist aber} 14. Nxd5 Nxd5 15. Qb3 Bxg5 16. Rxe8+ Qxe8 17. Qxd5 $16) 14...
Rxe7 15. Nxd5 Nxd5 16. Bxe7 Nxe7 17. Re1 {Das ist alles, was Weiß nach dem
vermeintlich genialen Einschlag auf e7 übrig hat, die e-Linie.} Rb8 18. Qe2 $5
(18. Qa6 Rb6 19. Qa3 (19. Qxa7 Rxb2 $11) 19... Nc6 20. Bc4 $14) 18... Ng6 19.
c3 d5 20. Qd2 Qa5 $2 {Ein typischer Milano Pro-Zug in Stellungen in denen
taktisch nichts zu holen ist.} 21. Qxd5 {Das Geschenk nimmt der Super Forte an.
} Nf6 22. Qd2 $6 ({Viel besser ist} 22. Qf5 $1 {behält c5 im Auge.} Rxb2 23.
Bc4 $1 Qc7 (23... Qxc3 $4 24. Bxf7+ Kxf7 25. Qe6+ Kf8 26. Qc8+ Ne8 27. Qxe8#)
24. Ng5 Nh8 25. Re5 $1 $16) 22... Qxa2 23. Qd6 {Wie so oft zu spät.} Rxb2 24.
Qxc5 Nd7 25. Re8+ ({Wieder ist eine andere Fortsetzung viel besser:} 25. Qc7 $1
Qd5 {was sonst?} 26. Qxa7 $18 h6 27. h4 $18) 25... Ndf8 $2 {
Auweia, aber auch der SFC hat diesen Zug erwartet.} (25... Ngf8 {muß kommen!})
26. Ne5 $1 Qa4 27. Nc6 $2 {Wieder verpasst es der SFC, den "Sack" zuzumachen.}
(27. Rd8 $1 Qh4 28. Nxf7 $1 Qf6 29. Nd6 $18) 27... Rb7 28. Qd6 $5 Qa1 29. c4 $6
(29. h4 $1 h5 30. Ne5 {gewinnt, z. B.} Rb6 31. Qd8 Qa3 (31... Kh7 32. Nxg6 Nxg6
33. Qg5 Qd1 34. f3 $18) 32. Nc4 $18) 29... h6 {Das ersehnte Luftloch!} 30. c5 {
Das führt zu nichts.} Rb1 {Jetzt ist es Weiß, der langsam ein Luftloch braucht.
} 31. Ne7+ Kh7 32. Qd3 Rd1 33. Qb5 Nf4 (33... Rb1 {
wäre schon eine Remisschaukel.}) 34. g3 {
Lange überlegte der SFC an den Zügen Nd5 und Nf5, die sofort verloren hätten.}
a6 35. Qc4 Rc1 36. Qxf4 $2 {Jetzt ist es der Novag-Bomber, der daneben greift.}
({Ausgleich hält} 36. Qe4+ g6 37. Qxf4 Rxf1+ 38. Kg2 Rg1+ 39. Kh3 Qf1+ 40. Kg4
Qe2+ 41. Kh3 Qh5+ 42. Qh4) 36... Rxf1+ 37. Kg2 Rg1+ 38. Kh3 Qf1+ 39. Kg4 Qe2+
40. Kh3 Qe6+ $2 {Falsch!} (40... Qh5+ $1 41. Qh4 Qf3 42. Qf4 (42. Rxf8 Qg2+ 43.
Kg4 Qxf2 44. Rg8 f5+ 45. Nxf5 Qe2+ 46. Kh3 Qg2+ 47. Kg4 Qe4+ 48. Kh3 Qxf5+ {
usw.}) 42... Qxf4 43. gxf4 Ne6 $19) 41. Qf5+ g6 $6 {
Noch ein Fehlgriff. Die Partie kippt wieder zu Gunsten von Weiß.} 42. Qxe6
Nxe6 43. c6 Re1 $4 {Der endgültige K.O.?} (43... Ng5+ {muß natürlich folgen.})
44. Nd5 Rc1 45. c7 Nxc7 46. Rc8 Nxd5 $6 (46... Rd1 47. Rxc7 Rxd5 {
ist im Remissinne noch spielbar.}) 47. Rxc1 Kg7 48. Kg2 f5 49. Rd1 Nb4 50. Ra1
g5 51. Ra4 a5 52. Rxa5 Kf6 53. h4 Kg6 54. g4 $2 {
Weiß sollte die Bauern auf dem Brett lassen.} (54. Kf3 $1) 54... fxg4 55. hxg5
hxg5 56. Ra4 Nd3 57. Rxg4 Nf4+ 58. Kf3 Kf5 59. Rg1 Nd3 60. Rh1 Ne5+ 61. Kg3 Ng6
62. Re1 Ne5 {
Weiß kommt nicht weiter, die Stellung sollte eigentlich Remis sein.} 63. Ra1
Ke4 64. Ra8 Kf5 65. Rf8+ Ke6 66. f3 Ng6 67. Ra8 Kf5 68. Ra5+ Ne5 69. Rb5 Ke6
70. Kf2 g4 $4 {Der unrühmliche Abschluß einer kuriosen Partie.} ({Nach} 70...
Kf6 {passiert nichts.}) 71. f4 $1 {
Jetzt ist es einfach und der SFC läßt nichts mehr anbrennen.} Nd7 72. Rg5 Nf6
73. Ke3 Kd6 74. Kd4 Ke6 75. f5+ Ke7 76. Rg6 Kf7 77. Ke5 Nd7+ 78. Ke4 Nf6+ 79.
Kf4 g3 80. Kxg3 Ke7 81. Kf4 Nd7 82. Rc6 Nf6 83. Kg5 Nd5 84. f6+ Kf7 85. Rc5 Nb6
86. Rc7+ Kf8 87. Kg6 Ke8 {(-8.00).} 88. Rb7 {
(+10.03). Nichts für schwache Bedienernerven!} 1-0

[Event "2. Online Aktivschach WM"]
[Site "Gruppe A / Chessgate"]
[Date "2006.01.26"]
[Round "3.4"]
[White "Resurrection Deep Sjeng, Phoenix Chess"]
[Black "Modena, Mephisto"]
[Result "1-0"]
[WhiteElo "2250"]
[BlackElo "1983"]
[PlyCount "53"]

1. d4 Nf6 2. Nf3 d5 3. c4 e6 4. Nc3 c5 5. e3 Nc6 6. a3 cxd4 7. Nxd4 e5 8. Nxc6
bxc6 9. cxd5 cxd5 10. Bb5+ Bd7 11. Be2 Bc6 12. O-O Be7 13. f4 exf4 14. Rxf4 Bd6
15. Rf1 O-O 16. b4 Qc7 17. h3 Rfe8 18. Bd2 Bh2+ 19. Kh1 Bg3 20. Bd3 Ne4 21.
Nxe4 dxe4 22. Bc4 Re7 23. Rc1 Qd7 24. Bc3 Rd8 25. Qh5 Qc7 26. Qg5 Be5 27. Rxf7
1-0

[Event "2. Online Aktivschach WM"]
[Site "Gruppe A / Chessgate"]
[Date "2006.01.29"]
[Round "4.1"]
[White "RISC 2500, Saitek"]
[Black "Resurrection Deep Sjeng, Phoenix Chess"]
[Result "1/2-1/2"]
[WhiteElo "2249"]
[BlackElo "2250"]
[PlyCount "98"]
[EventDate "2006.??.??"]

1. e4 c5 2. c3 Nf6 3. e5 Nd5 4. d4 cxd4 5. cxd4 Nc6 6. Nf3 d6 7. Nc3 Nxc3 8.
bxc3 Qa5 9. exd6 exd6 10. Bd2 Be7 11. Bd3 Qh5 12. O-O Bg4 13. Rb1 Bxf3 14. gxf3
O-O-O 15. Re1 Rhe8 16. f4 Qxd1 17. Rbxd1 h5 18. d5 Nb8 19. Re4 Nd7 20. Rde1 Nc5
21. Rxe7 Rxe7 22. Rxe7 Nxd3 23. Rxf7 Rd7 24. Rf5 Re7 25. Kf1 Nc5 26. f3 h4 27.
Rh5 Na4 28. Rxh4 Nb6 29. Rh5 Nc4 30. Be1 Ne3+ 31. Kg1 Nxd5 32. Bh4 Nf6 33. Bxf6
gxf6 34. Kf2 Kc7 35. h4 Kc6 36. Rh6 Rf7 37. h5 Kd5 38. a4 Ke6 39. Rh8 Kf5 40.
Ke3 Rc7 41. Kd3 Kxf4 42. Kd4 Kxf3 43. h6 Kf4 44. Kd5 Rxc3 45. Kxd6 Rc6+ 46. Kd5
Rc7 47. Kd6 Rc6+ 48. Kd5 Rc7 49. Kd6 Rc6+ 1/2-1/2

[Event "2. Online Aktivschach WM"]
[Site "Gruppe A / Chessgate"]
[Date "2006.01.29"]
[Round "4.2"]
[White "Monte Carlo IV LE, Mephisto"]
[Black "Milano Pro, Mephisto"]
[Result "1/2-1/2"]
[WhiteElo "2020"]
[BlackElo "2124"]
[PlyCount "96"]

1. d4 Nf6 2. c4 e6 3. Nc3 Bb4 4. e3 c5 5. Bd3 O-O 6. Nf3 d5 7. O-O dxc4 8. Bxc4
Nbd7 9. Qe2 cxd4 10. exd4 b6 11. d5 Bxc3 12. dxe6 Bb4 13. Bd2 Bd6 14. exd7 Bxd7
15. Rfe1 Bc6 16. Bc3 Re8 17. Ne5 Bxe5 18. Bxe5 Qc8 19. Qd3 Qg4 20. f3 Qg5 21.
Bd6 b5 22. Bb3 Rad8 23. Bc2 Rxe1+ 24. Rxe1 Bxf3 25. Qxf3 Qd2 26. Qg3 Rxd6 27.
Qe5 Qd4+ 28. Qxd4 Rxd4 29. Re7 Rd7 30. Rxd7 Nxd7 31. Kf2 Ne5 32. Kg3 g5 33. b4
h5 34. h4 g4 35. Kf4 f6 36. Bb3+ Kg7 37. Ke4 Nc6 38. a3 Ne7 39. g3 a6 40. Be6
Kh7 41. Bf7 Kh6 42. Be6 Kg6 43. Ba2 f5+ 44. Ke5 Nc6+ 45. Kd5 Na7 46. Ke6 Nc6
47. Kd5 Nd8 48. Ke5 Nc6+ 1/2-1/2